01169nam a2200301Ia 450000500170000000800410001702000190005808200190007710000370009624500390013325000190017230000890019149000330028050001750031350000230048850400270051165000310053865000350056965000350060470000450063994200120068426400330069633600270072933700330075633800280078904000350081799900150085220220317001034.0160825s2006 ck a g 000 0 spa  a9789583001401204a796.334bP27f11 aPerea Rosero, Tucídidesd1933-10aFútbolcTucídides Perea Rosero a2a. edición  a245 páginas bilustraciones, gráficos y fotografías en blanco y negro c16 cm  aReglamento oficial ilustrado aTomado de las reglas autorizadas por el International Football Association Board, julio de 2000 y publicadas por la Fédération Internationales de Football Association aIncluye apéndice aIncluye bibliografía142LEMBaFútbol xHistoria 142LEMB aFútbol xReglamentos 142LEMB aFútbol xEnseñanza 1 aSierra Carrasquilla, Juan Ramón910134 2ddccBK aBogotábPanamericanac2006 atextobtxt2rdacontent asin mediaciónbn2rdamedia avolumenbnc2rdacarrier aCO-BoRNBPbspaerdacCO-BoRNBP c5749d5749